000 00664nam a22002537a 4500
001 BR2020000188
003 BR-BrBNA
005 20230928105508.0
007 ta
008 230509b bl.||||| |||| 00| 0 por d
040 _aBR-BrBNA
_bpor
_cBiblioteca Nacional de Agricultura
041 _a(Por)
072 _aD50; P01
090 _ D50 BR2020000188
100 1 _aColatto, V.
245 1 _aColetânea do novo Código Florestal Brasileiro
260 3 _aBrasília, DF (Brasil):
_c2017.
300 _a215 p.
650 _aFLORESTA
650 _aLEGISLAÇÃO
650 _aPRESERVAÇÃO DA NATUREZA
909 _a202309
_bLucia
_c55
_dLucia Elande
942 _cBK
999 _c85386
_d85386